Algoritmy intellektual'noj dejatel'nosti
Enregistré dans:
| Auteur principal: | |
|---|---|
| Autres auteurs: | |
| Format: | Livre |
| Langue: | russe |
| Publié: |
Taškent
Fan
1979
|
| Tags: |
Pas de tags, Soyez le premier à ajouter un tag!
|
MARC
| LEADER | 00000nam a2200000 4500 | ||
|---|---|---|---|
| 001 | c141208 | ||
| 005 | 20150325105546.8 | ||
| 041 | 0 | |a rus | |
| 044 | |a UZ | ||
| 245 | 1 | 0 | |a Algoritmy intellektual'noj dejatel'nosti |c Adyldžan Achmedovič Usmanov, Anatolij Viktorovič Napalkov |
| 264 | 1 | |a Taškent |b Fan |c 1979 | |
| 300 | |a 128 s. | ||
| 100 | 1 | |a Usmanov, Adyldžan Achmedovič | |
| 700 | 1 | |a Napalkov, Anatolij Viktorovič | |